01012nam a2200265 a 450000100100000000500170001000800410002702000150006804000250008304100380010808200150014610000270016124000360018824501420022426000440036630000210041053400460043170000270047770000290050470000360053370000380056904900090060795201130061699900170072900002565920200930023942.0110216s1995 ag r 000 |aspa d a9501515605 aDO-SdBNPbspacBNPHU aspaheng2Código de idioma MARC axxxbR672d1 aRocha, Adriana,952398 0aA child of eternity.lEspañol14aLos doce profetas menores /cAdriana Rocha, Kristi Jorde; edición Ballantine Books; traducción Edith Zilli; prólogo Joan Borysenko. aBuenos Aires :bJavier Vergara ,c1995. a281 p. ;c22 cm. aTítulo original :tA child of eternity.1 aJorde, Kristi ,9523991 aZilli, Edith,eed.932281 aBooks, Ballantine ,etr.9524001 aBorysenko, Joan ,epról.952401 aBNGR 001050718MOaGRbGRcCTd2011-02-18iLF1l0oxxx R672dp25659-10r2020-06-25w2020-06-25y1ZNo se presta c25151d25151